Deutsche Städte mit mehr als einem McDonald's Restaurant - Statistiken

Allgemein
  • Dieses Quiz wurde 230 mal gespielt
  • Das Durchschnittsergebnis liegt bei 67 aus 152
Antwortstatistiken
Anzahl Bundesland Stadt % Korrekt
23 Nordrhein-Westfalen Köln
93%
46 - Berlin
91%
36 - Hamburg
90%
24 Bayern München
88%
14 Hessen Frankfurt am Main
87%
14 - Bremen
86%
11 Baden-Württemberg Stuttgart
85%
8 Sachsen Dresden
84%
6 Nordrhein-Westfalen Dortmund
83%
9 Sachsen Leipzig
83%
4 Nordrhein-Westfalen Aachen
81%
4 Schleswig-Holstein Kiel
81%
11 Nordrhein-Westfalen Düsseldorf
78%
9 Nordrhein-Westfalen Essen
77%
9 Niedersachsen Hannover
77%
8 Bayern Augsburg
76%
12 Bayern Nürnberg
76%
4 Brandenburg Potsdam
76%
5 Rheinland-Pfalz Mainz
73%
4 Nordrhein-Westfalen Duisburg
72%
5 Thüringen Erfurt
72%
4 Baden-Württemberg Freiburg im Breisgau
72%
2 Mecklenburg-Vorpommern Rostock
72%
7 Hessen Wiesbaden
71%
3 - Bremerhaven
70%
5 Nordrhein-Westfalen Gelsenkirchen
70%
4 Sachsen-Anhalt Magdeburg
70%
5 Schleswig-Holstein Flensburg
69%
6 Baden-Württemberg Karlsruhe
69%
3 Hessen Kassel
69%
5 Baden-Württemberg Mannheim
69%
7 Nordrhein-Westfalen Bonn
68%
4 Nordrhein-Westfalen Münster
68%
2 Baden-Württemberg Ulm
68%
6 Nordrhein-Westfalen Bielefeld
67%
6 Nordrhein-Westfalen Bochum
67%
4 Schleswig-Holstein Lübeck
67%
4 Saarland Saarbrücken
67%
4 Sachsen Chemnitz
66%
3 Mecklenburg-Vorpommern Schwerin
66%
6 Niedersachsen Braunschweig
64%
2 Hessen Darmstadt
63%
2 Thüringen Jena
63%
3 Nordrhein-Westfalen Leverkusen
63%
4 Bayern Regensburg
63%
4 Bayern Ingolstadt
62%
3 Nordrhein-Westfalen Mönchengladbach
62%
4 Niedersachsen Oldenburg
62%
3 Niedersachsen Osnabrück
62%
2 Brandenburg Cottbus
61%
3 Sachsen-Anhalt Halle (Saale)
61%
3 Baden-Württemberg Heidelberg
61%
3 Rheinland-Pfalz Koblenz
61%
3 Nordrhein-Westfalen Paderborn
61%
5 Nordrhein-Westfalen Wuppertal
61%
3 Rheinland-Pfalz Kaiserslautern
60%
3 Rheinland-Pfalz Trier
60%
2 Bayern Fürth
59%
2 Hessen Offenbach am Main
59%
3 Niedersachsen Wolfsburg
59%
6 Nordrhein-Westfalen Oberhausen
57%
3 Rheinland-Pfalz Ludwigshafen am Rhein
55%
4 Bayern Würzburg
55%
4 Nordrhein-Westfalen Hamm
54%
2 Sachsen Zwickau
53%
3 Bayern Aschaffenburg
51%
3 Bayern Erlangen
51%
4 Hessen Gießen
51%
2 Brandenburg Brandenburg an der Havel
50%
2 Niedersachsen Göttingen
50%
5 Nordrhein-Westfalen Hagen
50%
4 Nordrhein-Westfalen Krefeld
50%
2 Bayern Bamberg
49%
3 Nordrhein-Westfalen Neuss
49%
3 Nordrhein-Westfalen Herne
48%
2 Niedersachsen Hildesheim
48%
2 Baden-Württemberg Konstanz
48%
3 Bayern Bayreuth
47%
2 Baden-Württemberg Aalen
46%
3 Baden-Württemberg Heilbronn
46%
2 Bayern Passau
46%
2 Hessen Fulda
45%
3 Hessen Hanau
45%
2 Nordrhein-Westfalen Solingen
44%
3 Nordrhein-Westfalen Bottrop
42%
2 Bayern Hof
42%
2 Nordrhein-Westfalen Recklinghausen
41%
2 Thüringen Weimar
40%
3 Nordrhein-Westfalen Mülheim an der Ruhr
39%
2 Baden-Württemberg Pforzheim
39%
2 Nordrhein-Westfalen Gütersloh
38%
2 Hessen Marburg
38%
2 Bayern Rosenheim
38%
4 Niedersachsen Salzgitter
38%
2 Niedersachsen Lüneburg
37%
2 Rheinland-Pfalz Worms
37%
3 Schleswig-Holstein Neumünster
36%
3 Mecklenburg-Vorpommern Neubrandenburg
33%
3 Bayern Schweinfurt
33%
2 Niedersachsen Wilhelmshaven
33%
2 Baden-Württemberg Ludwigsburg
32%
2 Mecklenburg-Vorpommern Stralsund
32%
3 Nordrhein-Westfalen Düren
30%
2 Sachsen Plauen
30%
2 Baden-Württemberg Friedrichshafen
29%
2 Mecklenburg-Vorpommern Wismar
29%
2 Bayern Landshut
28%
2 Sachsen Bautzen
27%
2 Bayern Kempten (Allgäu)
27%
2 Bayern Freising
22%
2 Niedersachsen Goslar
22%
2 Brandenburg Oranienburg
22%
2 Baden-Württemberg Böblingen
21%
2 Bayern Dachau
21%
2 Nordrhein-Westfalen Lippstadt
19%
2 Rheinland-Pfalz Bad Kreuznach
18%
2 Nordrhein-Westfalen Kleve
16%
2 Nordrhein-Westfalen Lüdenscheid
16%
2 Nordrhein-Westfalen Ratingen
15%
2 Nordrhein-Westfalen Dormagen
13%
2 Bayern Erding
13%
2 Nordrhein-Westfalen Dorsten
12%
2 Nordrhein-Westfalen Euskirchen
12%
2 Baden-Württemberg Sindelfingen
12%
2 Nordrhein-Westfalen Frechen
11%
2 Sachsen Hoyerswerda
11%
2 Nordrhein-Westfalen Kerpen
10%
2 Sachsen Grimma
8%
2 Niedersachsen Helmstedt
7%
2 Niedersachsen Langenhagen
6%
2 Nordrhein-Westfalen Eschweiler
5%
2 Bayern Schwandorf
5%
3 Baden-Württemberg Weil am Rhein
5%
3 Brandenburg Ahrensfelde
4%
2 Sachsen-Anhalt Leuna
4%
2 Nordrhein-Westfalen Porta Westfalica
4%
3 Hessen Weiterstadt
3%
3 Hessen Bad Camberg
2%
2 Niedersachsen Bispingen
2%
2 Baden-Württemberg Giengen an der Brenz
2%
2 Niedersachsen Laatzen
2%
2 Nordrhein-Westfalen Wermelskirchen
2%
2 Hessen Diemelstadt
1%
3 Bayern Feucht
1%
2 Bayern Greding
1%
2 Rheinland-Pfalz Niederzissen
1%
2 Niedersachsen Seesen
1%
2 Niedersachsen Stuhr
1%
3 Bayern Vaterstetten
1%
2 Brandenburg Fehrbellin
0%
2 Nordrhein-Westfalen Rösrath
0%
2 Bayern Schweitenkirchen
0%
Keine übereinstimmenden Quizze gefunden
Verteilung der Resultate
Anzahl Personen mit jedem Resultat
Perzentil nach korrekt beantworteten Fragen
Ihre Resultats-Entwicklung
Sie haben dieses Quiz noch nicht gespielt